000 01332cam a22003973a 4500
001 1907
005 20260313093455.0
020 _a043962908X (pbk.)
020 _a9780439629089 (pbk.)
020 _a1415636451 (BWI bdg.)
020 _a9781415636459 (BWI bdg.)
040 _aBKX
_cBKX
_dBAKER
_dJQ7
_dBTCTA
_dDLC
050 0 0 _aMLCS 2006/45208 (P)
082 0 4 _a[Fic]
_222
100 1 _aBenton, Jim.
245 1 0 _aNever do anything ever :
_bby Jamie Kelly /
_c[by Jim Benton].
260 _aNew York :
_bScholastic,
_c2005.
300 _a132 pages :
_bcolor illustrations ;
_c20 cm
490 1 _aDear dumb diary ;
500 _a"Jim Benton's tales from Mackerel Middle School."
500 _a"Apple series"--Cover p. [4].
505 _aZ
520 _aJamie Kelly shares with her diary her search for inner beauty, dealing with fund raising, and problems in Phys ed class.
521 0 _a1010
_bLexile
521 1 _aZ
_bRaz-Plus
650 0 _aDiaries
_vJuvenile fiction.
650 0 _aMiddle schools
_vJuvenile fiction.
650 0 _aConduct of life
_vJuvenile fiction.
650 1 _aDiaries
_vFiction.
650 1 _aMiddle schools
_vFiction.
650 1 _aSchools
_vFiction.
650 1 _aConduct of life
_vFiction.
650 1 _aHumorous stories.
655 7 _aHumorous fiction.
_2gsafd
942 _2ddc
_cBK
_n0
999 _c1907
_d1907